Central Library OPAC University of Rajshahi

Memory and attention : (Record no. 30013)

MARC details
000 -LEADER
fixed length control field 00880cam a22003011 4500
001 - CONTROL NUMBER
control field 30013
003 - CONTROL NUMBER IDENTIFIER
rucl marc code BD-RjUL
005 - DATE AND TIME OF LATEST TRANSACTION
control field 20211209051509.0
008 - FIXED-LENGTH DATA ELEMENTS--GENERAL INFORMATION
fixed length control field 140408s1968 nyua b 001 0 eng
020 ## - INTERNATIONAL STANDARD BOOK NUMBER
International Standard Book Number 0471651303
035 ## - SYSTEM CONTROL NUMBER
System control number (BD-RjUL)30098
040 ## - CATALOGING SOURCE
Original cataloging agency DLC
Transcribing agency DLC
Modifying agency DLC
-- BD-RjUL
Language of cataloging eng
041 ## - LANGUAGE CODE
Language code of text/sound track or separate title eng
082 00 - DEWEY DECIMAL CLASSIFICATION NUMBER
Classification number 153.1
Author mark and year NOM 1969
100 1# - MAIN ENTRY--PERSONAL NAME
Personal name Norman, Donald A.
9 (RLIN) 91300
245 10 - TITLE STATEMENT
Title Memory and attention :
Remainder of title an introduction to human information processing /
Statement of responsibility, etc. by Donald A. Norman.
260 ## - PUBLICATION, DISTRIBUTION, ETC. (IMPRINT)
Place of publication, distribution, etc. New York :
Name of publisher, distributor, etc. Wiley,
Date of publication, distribution, etc. c1969.
300 ## - PHYSICAL DESCRIPTION
Pagination ix, 201 p. :
Illustrations illus. ;
Size 23 cm.
490 0# - SERIES STATEMENT
Series statement Series in psychology
504 ## - BIBLIOGRAPHY, ETC. NOTE
Bibliography, etc Bibliography: p. 183-189.
Bibliography, etc Includes Index.
650 #0 - SUBJECT ADDED ENTRY--TOPICAL TERM
Topical term or geographic name as entry element Human information processing.
9 (RLIN) 88595
Topical term or geographic name as entry element Memory.
9 (RLIN) 91301
Topical term or geographic name as entry element Attention.
9 (RLIN) 91302
942 ## - ADDED ENTRY ELEMENTS (KOHA)
Source of classification or shelving scheme Dewey Decimal Classification
Koha item type Books
Holdings
Lost status Source of classification or shelving scheme Damaged status Not for loan Collection code Permanent Location Current Location Shelving location Date acquired Source of acquisition Cost, normal purchase price Total Checkouts Full call number Date last seen Copy number Koha item type Date checked out
  Dewey Decimal Classification   Added to bundle Non-fiction Central Library, University of Rajshahi Central Library, University of Rajshahi Reading Room 07/08/1971 Zeitlinger 90.00   153.1 NOM 1969 08/04/2014 C-1 Books  
  Dewey Decimal Classification     Non-fiction Central Library, University of Rajshahi Central Library, University of Rajshahi   07/08/1971 Zeitlinger 90.00 1 153.1 NOM 1969 13/10/2019 C-2 Books 02/10/2019